000 00389nam a22001337a 4500
005 20260410120754.0
008 260410b |||||||| |||| 00| 0 eng d
020 _a978-93-90780-95-2
100 _aBatt Bashir Ahmed
245 _aCondensed Matter Physics
_c/ Bashir Ahmed Batt
260 _aNew Delhi, India;
_bRandom Publications;
_c2022
300 _aviii,309p.ill;
_c24cm
942 _2ddc
_cBK
_n0
999 _c211
_d211